El cuidador
保存先:
| 第一著者: | |
|---|---|
| フォーマット: | 図書 |
| 言語: | スペイン語 |
| 出版事項: |
Buenos Aires
Ediciones Nueva Visión
1965
|
| 版: | 1a. ed |
| シリーズ: | Colección Teatro Universal
|
| 主題: | |
| タグ: |
タグ追加
タグなし, このレコードへの初めてのタグを付けませんか!
|
MARC
| LEADER | 00000cam a2200000 a 4500 | ||
|---|---|---|---|
| 001 | UCE2894 | ||
| 003 | CL-VaPUC | ||
| 008 | 140731e19650000ag |||||||||||||||||spa|d | ||
| 082 | 0 | 4 | |a 822 |b PIN |2 21 |
| 100 | 0 | |a Pinter, Harold |e author |9 346667 | |
| 245 | 1 | 3 | |a El cuidador |
| 246 | 1 | 3 | |a El amante |
| 246 | 1 | 3 | |a El montaplatos |
| 250 | |a 1a. ed | ||
| 300 | |a 147 p | ||
| 942 | |c BK | ||
| 945 | |d 20140731 15:45:00 |a dcastane | ||
| 260 | |a Buenos Aires |b Ediciones Nueva Visión |c 1965 | ||
| 650 | 0 | |a Dramas ingleses |9 269396 | |
| 650 | 0 | |a Literatura inglesa |9 312907 | |
| 583 | |a last modification |c 20140731 15:45:00 |k Rodrigo Vera | ||
| 490 | 0 | |a Colección Teatro Universal | |
| 999 | |c 356423 |d 356421 | ||
| 952 | |0 0 |1 0 |3 erb |4 0 |6 822_000000000000000_PIN_1965 |7 0 |8 P |9 463764 |a BIBART |b BIBART |i 5049490 |o 822 PIN 1965 |p 5049490 |r 2025-03-13 |w 2019-11-23 |y BK |z Catalogado en:20140731 |k ART | ||